000 00775nam a22002057a 4500
999 _c58293
_d58293
005 20211027122709.0
008 211027s2007 enk||||| |||| 00| 0 rus d
020 _a9788776870409
041 _arus
080 _a159.964 X--12
100 _aХаббард, Рональд Лафайет.
_912701
245 _aПроблемы работы :
_b Саентология для рабочих будней /
_cЛ. Рон Хаббард.
264 _aМ. :
_b"Нью Эра",
_c2007.
300 _a197 с. :
_bил. ;
_c24 см.
653 _aდიანეტიკა
653 _aსაენტოლოგია
653 _aწარმატებადიანეტიკა
653 _aგონი და აზროვნება
942 _2udc
_cBK